000 00770cam a2200253 a 4500
001 000018887
005 20240502122546.0
008 100520s1982 sp 000 0 spa d
020 _a8432102326
040 _aDO-SdBNP
_bspa
_cBNPHU
082 _a301
_bM645
100 1 _aMillán Puelles, Antonio
_940666
245 1 0 _aPersona humana y justicia social /
_cAntonio Millan Puelles.
250 _a5a ed.
260 _aMadrid, España :
_bEdiciones Rialp,
_c1982.
300 _a161 p. ;
_c19 cm.
490 1 _aNaturaleza e historia
504 _aIncluye referencias bibliográficas
504 _aIncluye notas al pie de las páginas
650 0 _aSociología
_91061
650 0 _aJusticia social
_96078
830 0 _aNaturaleza e Historia
_940667
049 _aBNGR
999 _c18405
_d18405